000 00514nmm a2200169Ia 4500
008 251105s9999||||xx |||||||||||||||||und||
020 _a9781612360706
041 _aspa
100 _aStone, Lynn
245 2 _aA partir del huevo = From an egg
264 _a[Madrid, España] :
_bRourke Educational Media,
_c2007
300 _a24 páginas
490 _aMiremos a los animales / Let's look at animals
650 _aAges 9-12 Years Old
856 _uhttps://public.digitaliapublishing.com/a/24667
942 _cCF
999 _c75038
_d75038